Central Library OPAC University of Rajshahi

Advances in Agronomy: (Record no. 66760)

MARC details
000 -LEADER
fixed length control field 00634nam a2200229 a 4500
001 - CONTROL NUMBER
control field 66760
003 - CONTROL NUMBER IDENTIFIER
rucl marc code BD-RjUL
005 - DATE AND TIME OF LATEST TRANSACTION
control field 20211209081556.0
008 - FIXED-LENGTH DATA ELEMENTS--GENERAL INFORMATION
fixed length control field 170320s2005 ii a b 001 0 eng
020 ## - INTERNATIONAL STANDARD BOOK NUMBER
International Standard Book Number 8170411777
035 ## - SYSTEM CONTROL NUMBER
System control number (BD-RjUL)66891
040 ## - CATALOGING SOURCE
Original cataloging agency DLC
Transcribing agency DLC
Modifying agency BD-RjUL
Language of cataloging eng
041 ## - LANGUAGE CODE
Language code of text/sound track or separate title eng
082 00 - DEWEY DECIMAL CLASSIFICATION NUMBER
Classification number 630
Edition number 23
Author mark and year ADV 2005
245 10 - TITLE STATEMENT
Title Advances in Agronomy:
Statement of responsibility, etc. Donald L Sparks
Remainder of title Volume 85 /
260 ## - PUBLICATION, DISTRIBUTION, ETC. (IMPRINT)
Place of publication, distribution, etc. London :
Name of publisher, distributor, etc. Elsevier academic press,
Date of publication, distribution, etc. c2005
300 ## - PHYSICAL DESCRIPTION
Pagination x, 446 p. :
Illustrations ill. ;
Size 23 cm.
500 ## - GENERAL NOTE
General note Includes index.
504 ## - BIBLIOGRAPHY, ETC. NOTE
Bibliography, etc Bibliography: p. 353-359.
650 ## - SUBJECT ADDED ENTRY--TOPICAL TERM
Topical term or geographic name as entry element Agronomy
9 (RLIN) 112675
942 ## - ADDED ENTRY ELEMENTS (KOHA)
Source of classification or shelving scheme Dewey Decimal Classification
Koha item type Books
Holdings
Lost status Source of classification or shelving scheme Damaged status Not for loan Collection code Permanent Location Current Location Shelving location Date acquired Source of acquisition Cost, normal purchase price Total Checkouts Full call number Date last seen Copy number Koha item type
  Dewey Decimal Classification   Not For Loan Non-fiction Central Library, University of Rajshahi Central Library, University of Rajshahi Reading Room 07/07/2013 Paragogn Enterprise, Dhaka 11800.00   630 ADV 2005 20/03/2017 C-1 Books